000 00959nac a22002897a 4500
001 BR5600176
003 BR-BrBNA
005 20240105112923.0
008 230509b bl.|||m| |||| 00| 0 por d
040 _aBR-BrBNA
_bpor
_cBiblioteca Nacional de Agricultura
072 _aH20
090 _a0180 BR5600176
100 1 _aMascarenhas, F.O. da F.
100 1 _aSilva, A.R. da
110 1 _aInstituto Agronomico do Sul, Pelotas, RS (Brasil)
_95634
245 1 _aPesquisa de fontes de resistencia a Tilletia foetida (Wallr)Liro [Fungo; Carie; Trigo; Triticum spp; Rio Grande do Sul; Brasil]
260 3 _aPelotas, RS (Brasil):
_c1956.
300 _a13 p.
490 _aBoletim Tecnico - Instituto Agronomico do Sul (Brazil)
_vno. 14
_x
500 _a13 ref.; Summaries (En, Pt)
650 _aTRIGO
650 _aCARIE
650 _aFUNGO
650 _aRIO GRANDE DO SUL
909 _a202312
_bLúcia Elande
_c55
_dLúcia Elande
942 _2AGRIS
_n0
_cMS
999 _c260938
_d260938